000 00770nam a2200229 a 4500
001 BRCA_3802
005 20190320204430.0
008 221109s1903----u--a######---#000-0#eng-#
041 _aeng
044 _au
050 4 _aF1233.M3
_b.T38 1903
100 1 _aTavera, Ernst Schmit Ritter von
_99879
245 1 0 _aGeschichte der regierung des Kaisers Maximiliano I. und die französische Intervention in Mexiko, 1861-1867
_cErnst Schmit Ritter von Tavera.
260 _aWien
_bW. Braumuller
_c1903
300 _a2 v.
_bil.
_c20 cm.
500 _aIncluye índice de autores
500 _aB165
600 1 4 _aMaximiliano
_cEmperador de México
_d1832-1867.
_94582
651 4 _aMéxico
_vHistoria
_xIntervención francesa,
_y1861-1867.
_99911
902 _aGFM
942 _2lcc
_cB
999 _c3531
_d3531